Kényelem, pontosság A Volán tavaszi tervei, az utasok érdekében /

Elmentve itt :
Bibliográfiai részletek
Szerző: Pálfy Katalin
Dokumentumtípus: Cikk
Megjelent: 1979-04-10
Sorozat:Délmagyarország 69 No. 83
Kulcsszavak:VOLÁN
Online Access:http://dmarchiv.bibl.u-szeged.hu/109992
LEADER 00484nab a2200157 i 4500
001 delm109992
005 20190524100524.0
008 190524s1979 hu o 0|| hun d
040 |a SZTE Délmagyarország Archívum  |b hun 
041 |a hun 
100 1 |a Pálfy Katalin 
245 1 0 |a Kényelem, pontosság   |h [elektronikus dokumentum] :  |b A Volán tavaszi tervei, az utasok érdekében /  |c  Pálfy Katalin 
260 |c 1979-04-10 
300 |a 1 
490 0 |a Délmagyarország  |v 69 No. 83 
695 |a VOLÁN